| 000 | 00548nam a2200169Ia 4500 | ||
|---|---|---|---|
| 008 | 250806s9999||||xx |||||||||||||| ||und|| | ||
| 020 | _a8180615146 | ||
| 060 |
_aWN 230 _b.F86 2005 |
||
| 245 | 0 |
_aFundamentals of Oral Medicine and Radiology / _cedited by Durgesh N. Bailoor, K.S. Nagesh. |
|
| 260 |
_aNew Delhi : _bJaypee Brothers Medical Publishers (P) Ltd, _c2005 |
||
| 300 |
_axv, 431 p. : _bill. _c28.5 cm. |
||
| 504 | _aIncludes index. | ||
| 650 | _aRadiology | ||
| 700 | _aBailoor, Durgesh N. | ||
| 700 | _aNagesh, K.S. | ||
| 942 |
_bDIMC _cBK |
||
| 999 |
_c27081 _d27081 |
||